[Event "SWE-ch"]
[Site "Skara"]
[Date "2002.07.08"]
[Round "8"]
[White "Eriksson, Johan"]
[Black "Berg, Emanuel"]
[Result "0-1"]
[WhiteElo "2426"]
[BlackElo "2503"]
[Annotator "Hecht,H"]
[PlyCount "156"]
[EventDate "2002.06.30"]
[EventType "tourn"]
[EventRounds "13"]
[EventCountry "SWE"]
[EventCategory "9"]
[SourceTitle "CBM 091"]
[Source "ChessBase"]
[SourceDate "2002.11.12"]
[SourceVersion "1"]
[SourceVersionDate "2002.11.12"]
[SourceQuality "1"]

1. d4 e6 2. c4 Nf6 3. Nc3 Bb4 4. Bg5 h6 5. Bh4 O-O 6. e3 c5 7. Bd3 cxd4 8. exd4
d5 9. Nge2 dxc4 10. Bxc4 b6 11. O-O Bb7 12. Bb3 Be7 13. Qd3 Nc6 14. a3 Ne5 15.
Qh3 Ng6 16. Bxf6 Bxf6 17. Rad1 Qc7 18. d5 exd5 19. Nxd5 Bxd5 20. Bxd5 Rae8 21.
Qg4 Ne7 22. Bf3 Bxb2 23. Rd7 Qc5 24. Rxa7 Bxa3 25. Rb1 Nc8 26. Rb7 Qc2 27. Rf1
Bc5 28. h4 Nd6 29. Rd7 Qb2 30. g3 Re5 31. Nf4 Re1 32. Nh3 Rxf1+ 33. Kxf1 Qb5+
34. Be2 h5 35. Qxg7+ Kxg7 36. Bxb5 Nxb5 37. Nf4 Bd6 38. Ne6+ Kg8 39. Nxf8 Kxf8
{[#] Zwei Leichtfiguren mit Freibauer vs Turm} 40. Rd8+ (40. Rb7 Bc7 $5 41. f3
Ke7 42. g4 hxg4 43. fxg4 Kd7 44. h5 Kc6 45. Rxc7+ $18) (40. Kg2 Ke8 41. Rb7 Bc7
$1 42. f3 Kd7 43. g4 Kc6 44. Rxc7+ Nxc7 45. gxh5 Ne6 46. h6 Nf8 $19) 40... Kg7
41. Ke2 (41. Kg2 $142 {[%cal Gf2f3,Gg3g4] mit der leisen Idee eines
Gegenspiels unter Bauernreduzierung}) 41... Bc5 42. Rc8 {Jetzt geht bereits
ein weißer Bauer verloren und die restlichen Bauern bleiben schwach.} Nd6 $1
43. Rd8 Ne4 {[%csl Rf2,Rg3]} 44. Kf3 Nxf2 45. Kf4 Ng4 {Es folgt nun eine lange
Lavierphase mit anschließendem Tausch des b-Bauern gegen beide weißen
Königsflügelbauern.} 46. Rd5 Be3+ 47. Kf3 Kg6 48. Rd8 Kg7 49. Rb8 Bc5 50. Rb7
Kg6 51. Kf4 Ne3 52. Kf3 Nf5 53. Rb8 (53. g4 Nxh4+ 54. Kg3 Kg5 (54... hxg4 55.
Kxh4 f5 56. Kg3 {sollte trotz einiger technischer Probleme gewonnen sein}) 55.
gxh5 Nf5+ 56. Kf3 Nd6 $19 {ist jedenfalls einfacher}) 53... Kg7 54. Rd8 Be7 55.
Rd7 Kg6 56. Rb7 Bc5 57. Rb8 Kh7 58. Rd8 Kg7 59. Rd7 Kf6 60. Rb7 Kg7 61. Rd7
Nd4+ 62. Ke4 Ne6 63. Rb7 Bd6 64. Kf3 Nd4+ 65. Ke4 Ne2 66. Rxb6 Nxg3+ 67. Kf3
Be5 68. Ra6 f6 69. Ra7+ Kg6 70. Ra8 Nf5 71. Rg8+ (71. Ra4 Bg3 $19) 71... Kh7
72. Rg1 Nxh4+ 73. Ke4 Kh6 74. Kd5 Nf3 75. Rg8 Kh7 76. Rg2 h4 77. Ke6 h3 78. Rg4
h2 0-1

[Event "FIDE-Wch k.o."]
[Site "New Delhi/Teheran"]
[Date "2000.11.28"]
[Round "1.2"]
[White "Sasikiran, Krishnan"]
[Black "Simutowe, Amon"]
[Result "1-0"]
[WhiteElo "2573"]
[BlackElo "2322"]
[Annotator "Hecht,H"]
[PlyCount "105"]
[EventDate "2000.11.27"]
[EventType "k.o."]
[EventRounds "7"]
[EventCountry "IND"]
[SourceTitle "CBM 080"]
[Source "ChessBase"]
[SourceDate "2001.01.25"]
[SourceVersion "1"]
[SourceVersionDate "2001.01.25"]
[SourceQuality "1"]

1. d4 Nf6 2. c4 e6 3. Nc3 Bb4 4. e3 O-O 5. Bd3 d5 6. a3 Be7 7. Qe2 b6 8. Nf3
Bb7 9. O-O Nbd7 10. cxd5 exd5 11. b3 Ne4 12. Bb2 Nxc3 13. Bxc3 Bd6 14. b4 a6
15. a4 Qe7 16. Rfc1 Nf6 17. b5 axb5 18. axb5 Ne4 19. Bb2 f6 20. g3 Qe6 21. Qc2
g6 22. Bf1 Kg7 23. Bg2 h5 24. Nd2 Nxd2 25. Qxd2 h4 26. Qc3 hxg3 27. hxg3 Rxa1
28. Rxa1 Ra8 29. Rc1 Qe8 30. Qb3 Ra5 31. Bf1 Qa8 32. Bc3 Ra3 33. Qb1 Qa4 34.
Bb4 Rb3 35. Qxb3 Qxb3 36. Bxd6 cxd6 37. Rc7+ Kh6 38. Rxb7 Qb4 39. Rxb6 {
[#] Überraschenderweise gewinnt Weiß nicht mit dem Freibauern, sondern im
Mattangriff, begünstigt durch den Vormarsch des schwarzen Königs.} f5 40. Rb8
Qa5 41. Rc8 Qb4 42. Rc6 g5 43. b6 {[%csl Rd6][%cal Rf1a6,Rb6b7]} f4 44. gxf4
gxf4 45. exf4 Kh5 (45... Qxd4 46. Rxd6+ Kg7 47. b7 Qa7 48. Rd7+ Kf6 49. Bg2 Qb8
50. Bxd5 $18) 46. Be2+ Kh4 (46... Kh6 47. Kg2 Kg6 48. Ba6 Qxd4 49. b7 Qe4+ 50.
f3 Qb1 51. Rc8 Qa2+ 52. Kg3 Qa1 (52... Qb1 53. Bd3+ Qxd3 54. b8=Q $18) 53. Bd3+
Kg7 54. Bf5 $18) 47. Rc8 Qe1+ 48. Bf1 Qb1 49. Rg8 Qxb6 $2 (49... Kh5 $142 50.
f5 Qxb6 51. f6 Qa7 52. Bd3 Qf7 (52... Kh6 53. Kg2 Qf7 54. Rg6+ Kh5 55. f4 Qe8
56. Kf3 Qd7 57. f7 Qxf7 58. Rg1 Kh6 59. Rh1+ Kg7 60. Rh7+ $18) 53. Bg6+ Qxg6+
54. Rxg6 Kxg6 55. Kg2 Kxf6 56. f4 Ke6 57. Kg3 Kf5 58. Kf3 Kf6 59. Kg4 $18) 50.
Be2 Qb1+ 51. Kh2 Qb8 {Achtung-Pattwitz!} 52. Rg5 Qe8 53. Rh5+ 1-0

[Event "Kemerovo1"]
[Site "Kemerovo"]
[Date "1995.??.??"]
[Round "5"]
[White "Iskusnyh, Sergei"]
[Black "Yudasin, Leonid"]
[Result "0-1"]
[WhiteElo "2430"]
[BlackElo "2630"]
[Annotator "Hecht,H"]
[PlyCount "92"]
[EventDate "1995.08.??"]
[EventType "tourn"]
[EventRounds "11"]
[EventCountry "RUS"]
[EventCategory "12"]
[SourceTitle "CBM 050"]
[Source "ChessBase"]
[SourceDate "1996.02.01"]
[SourceVersion "1"]
[SourceVersionDate "1996.02.01"]
[SourceQuality "1"]

1. d4 Nf6 2. c4 e6 3. Nc3 Bb4 4. e3 c5 5. Bd3 Nc6 6. Nge2 cxd4 7. exd4 d5 8.
cxd5 Nxd5 9. O-O O-O 10. Bc2 Re8 11. Qd3 g6 12. Rd1 Bf8 13. Qf3 Qf6 14. Be4
Qxf3 15. Bxf3 Nxc3 16. bxc3 e5 17. g3 exd4 18. cxd4 Bf5 19. Nc3 Nxd4 20. Rxd4
Re1+ 21. Kg2 Bg7 22. Nb5 a6 23. Bb2 Rxa1 24. Bxa1 axb5 25. Rd1 Bxa1 26. Rxa1
Be6 27. Bxb7 Rxa2 28. Rd1 Ra7 29. Rd8+ Kg7 30. Bf3 b4 31. Rb8 b3 32. h3 Ra1 33.
Rb6 Rc1 34. g4 Rc3 35. Be4 h5 36. gxh5 gxh5 37. h4 Kf6 38. Bd5 Ke5 39. Bxe6
fxe6 {T - T Motive: sT deckt b-Freibauer seitlich; aktiver sK, schlechte w
Bauernstruktur; einfacher Gewinn} 40. f3 (40. Rb5+ Kd4 41. Rxh5 Rc5 42. Rh8 b2
43. Rb8 Kc3 44. Kg3 Rc4 45. Rxb2 Kxb2 46. f4 Kc3 47. h5 (47. Kg4 e5) 47... Kd3
48. h6 Ke4 49. Kg4 Rc1 $19) 40... Rc2+ 41. Kg3 b2 42. f4+ Kd4 43. f5 exf5 44.
Kf4 Kc5 45. Rb3 Rc4+ 46. Kxf5 Rb4 0-1

[Event "Biel SKA"]
[Site "Biel"]
[Date "1996.07.26"]
[Round "4"]
[White "Milov, Vadim"]
[Black "Andersson, Ulf"]
[Result "0-1"]
[WhiteElo "2565"]
[BlackElo "2640"]
[Annotator "Hecht,H"]
[PlyCount "162"]
[EventDate "1996.07.22"]
[EventType "tourn"]
[EventRounds "11"]
[EventCountry "SUI"]
[EventCategory "16"]
[SourceTitle "CBM 055"]
[Source "ChessBase"]
[SourceDate "1996.12.01"]
[SourceVersion "1"]
[SourceVersionDate "1996.12.01"]
[SourceQuality "1"]

1. d4 e6 2. c4 Nf6 3. Nc3 Bb4 4. e3 c5 5. Bd3 Nc6 6. Nge2 d5 7. cxd5 Nxd5 8. a3
cxd4 9. exd4 Bd6 10. Bc2 Bd7 11. Ne4 Be7 12. O-O O-O 13. Qd3 g6 14. Bh6 Re8 15.
Rad1 Rc8 16. Bb3 a6 17. Qg3 Nf6 18. N2c3 Qb6 19. Qf3 Nxe4 20. Nxe4 Nxd4 21.
Rxd4 Qxd4 22. Rd1 Qxb2 23. Rxd7 Red8 24. Rxd8+ Rxd8 25. g3 Qb1+ 26. Kg2 Qd3 27.
Nf6+ Kh8 28. Qxb7 Bxf6 29. Qxf7 Qe4+ 30. Kh3 Qf5+ 31. Kg2 Bd4 32. Bxe6 Qxf7 33.
Bxf7 Rc8 34. f4 Rc3 35. a4 Ra3 36. Be8 Ra2+ 37. Kh1 Rc2 38. Bd7 Bg7 39. Bg5 Kg8
40. f5 Be5 41. fxg6 hxg6 42. Bh3 Kf7 43. Bf1 a5 44. Bd3 Rb2 45. Bc4+ Kg7 46.
Bd8 Bc3 47. Bb5 Kf7 48. Bc4+ Ke8 49. Bg5 Kd7 50. Bf4 Ke7 51. Bb5 Kf6 52. Bc7
Rd2 53. Bf4 Ra2 54. Bc7 Kf5 55. Bd7+ Ke4 56. Bc6+ Ke3 57. Bf4+ Kf2 58. h4 Re2
59. Kh2 Be5 60. Bxe5 Rxe5 {[#] Die weißen K-Flügelbauern gehen gegen g6
verloren. Bei abgedrängtem wK gewinnt Schwarz technisch leicht durch
Überführung des K nach b4, ohne die vertikale Sperre aufzuheben.} 61. g4 Re3
62. g5 Re6 63. Bd7 Rd6 64. Be8 Kf3 65. h5 gxh5 66. Bxh5+ Kf4 67. Be8 Kxg5 68.
Kg3 Rf6 $1 69. Bb5 Rf5 (69... Kg6 $19) 70. Bc6 Rf6 71. Be8 Kh6 $1 72. Kg4 Kg7
73. Bd7 Rf2 (73... Kf7 $6 74. Bf5 {Idee Kf4}) 74. Kg3 Rf7 75. Be8 Rf6 76. Kg4
Kf8 77. Bb5 Ke7 78. Kg3 Kd6 79. Kg4 Kc5 80. Kg3 Kb4 81. Kg4 Rf2 0-1

[Event "San Francisco"]
[Site "San Francisco"]
[Date "1995.??.??"]
[Round "6"]
[White "Tisdall, Jonathan D"]
[Black "Huebner, Robert"]
[Result "0-1"]
[WhiteElo "2470"]
[BlackElo "2620"]
[Annotator "Huebner,R"]
[PlyCount "56"]
[EventDate "1995.??.??"]
[EventType "game"]
[EventCountry "ARG"]
[SourceTitle "CBM 046"]
[Source "ChessBase"]
[SourceDate "1995.06.01"]
[SourceVersion "1"]
[SourceVersionDate "1995.06.01"]
[SourceQuality "1"]

1. d4 Nf6 2. c4 e6 3. Nc3 Bb4 4. e3 O-O 5. Bd3 d5 6. cxd5 exd5 7. Nge2 Re8 8.
O-O Bf8 (8... c5 9. a3 cxd4 10. exd4 $14 (10. axb4 $14)) 9. f3 $6 {><e3} (9.
Nf4 $5) (9. Qc2 $5) 9... c5 10. Bd2 Nc6 11. Rc1 b6 12. a3 (12. Na4 c4 13. Bb1
b5 14. Nac3 (14. Nc5 Bxc5 15. dxc5 Qe7 16. b4 a5 $36) 14... b4 15. Na4 Ba6 $15)
(12. Bb1 $5 Ba6 $5) 12... Bb7 13. Rf2 $6 (13. Na4 $142 cxd4 (13... c4 14. Bb1
$14 {/\ 15.Nac3+/=}) 14. exd4 g6 15. Nac3 Bg7 16. Bg5 $10) (13. Bb1 $5) 13...
g6 {/\ 14...Rc8; 14...Bh6} 14. Qa4 $2 (14. Na4 $2 c4 15. Bb1 Bh6 $19) (14. Bb1
$5 Rc8 (14... Na5 15. dxc5 bxc5 16. Ba2) (14... Bh6 15. dxc5 Bxe3 16. Bxe3 Rxe3
17. cxb6 axb6 18. Nd4) 15. Ba2 $15) 14... a6 (14... c4 $6 15. Bb1 Na5 16. Ba2
Bh6 17. Nd1 $13) 15. Re1 b5 (15... Bh6 16. dxc5 bxc5 17. Ng3 d4 18. Nce4 $13)
16. Qd1 Qb6 17. Nf4 Rad8 18. dxc5 Bxc5 19. Qc1 $8 Ne5 (19... d4 20. Ne4 $13)
20. b4 $8 (20. Bf1 d4 $19) 20... Bf8 (20... Nxd3 21. Nxd3 $10) 21. Bf1 Bg7 $2 (
21... Nc4 $6 22. Bxc4 dxc4 23. e4 {/\ 24.Be3=}) (21... Bh6 22. a4 $13) (21...
Rc8 $142 $17 22. Qd1 (22. Qb1 d4 23. exd4 (23. Nd1 Nc4 $17) 23... Qxd4 24. Nd1
(24. Qa1 Neg4 25. fxg4 Nxg4 26. Nh3 Nxf2 27. Nxf2 Qxd2 $19) (24. Na2 Neg4 $19)
24... Nxf3+ 25. gxf3 Rxe1 26. Bxe1 Qxf4 $19) (22. Qa1 Bg7 $36) 22... d4 23.
exd4 (23. Nb1 Neg4) 23... Qxd4 24. Nce2 (24. Nfe2 Qb6 25. Ng3 Nc4 $17) 24...
Qb6 $36) 22. Nd1 {/\ 23.Bc3=} (22. a4 $5) 22... Bh6 (22... Rc8 23. Bc3 $13) (
22... Nc4 23. Bxc4 (23. Bc3 d4) 23... dxc4 24. e4 $10) 23. Bc3 $2 $138 (23. Nd3
$142 {><c5}) 23... d4 $19 24. exd4 Rxd4 (24... Nxf3+ $6 25. gxf3 Rxe1 26. Bxe1
Qxd4 27. Bd2 Bxf4 28. Bxf4 Qxd1 29. Qc7 $13) 25. Bxd4 Qxd4 26. Ne2 (26. Qc7
Nxf3+ 27. gxf3 Rxe1) 26... Nxf3+ 27. gxf3 Bxc1 28. Nxd4 Rxe1 0-1

[Event "NED-ch51"]
[Site "Amsterdam"]
[Date "1996.06.09"]
[Round "3"]
[White "Sokolov, Ivan"]
[Black "Bosch, Jeroen"]
[Result "1-0"]
[WhiteElo "2665"]
[BlackElo "2440"]
[Annotator "King,D"]
[PlyCount "127"]
[EventDate "1996.06.07"]
[EventType "tourn"]
[EventRounds "11"]
[EventCountry "NED"]
[EventCategory "11"]
[SourceTitle "CBM 054"]
[Source "ChessBase"]
[SourceDate "1996.10.01"]
[SourceVersion "1"]
[SourceVersionDate "1996.10.01"]
[SourceQuality "1"]

1. d4 Nf6 2. c4 e6 3. Nc3 Bb4 4. e3 O-O 5. Bd3 d5 6. cxd5 exd5 7. Nge2 Re8 8.
O-O Bf8 9. Nf4 c6 10. a3 Nbd7 11. f3 Nb6 12. g4 g6 13. Rf2 c5 14. g5 Nfd7 15.
h4 cxd4 16. exd4 Bg7 17. Nfe2 Nb8 18. Bf4 a6 19. b3 Nc6 20. Bc2 Be6 21. Qd2 Qd7
22. Nd1 Nc8 23. Ne3 Nd6 24. Bxd6 Qxd6 25. f4 Ne7 26. Kg2 Qd7 27. Rh1 Nf5 28.
Bxf5 Bxf5 29. Nxf5 Qxf5 30. Ng3 Qg4 31. Qd1 Qxd1 32. Rxd1 Rac8 {Black really
should not have lost from this position. Perhaps it would have been better to
play 33...Bf8 immediately, or 33...a5 and then ...Bf8.} (32... Bf8 $5) (32...
a5 $5 {/\Bf8}) 33. Rd3 f5 34. Re2 Bf8 35. Rxe8 Rxe8 36. b4 Rc8 37. Kf3 Kf7 38.
h5 {White has consolidated his position and now takes the initiative. Step one
is to put the pawn on h6.} Bd6 39. h6 {Black will always have to be on his
guard after this. If White manages to break through to h7, that will spell the
end.} Ke6 40. Ne2 Rc2 41. Nc3 Rh2 42. Re3+ Kf7 43. Nxd5 Rd2 44. Nf6 Rxd4 45.
Nxh7 Rxf4+ 46. Ke2 Rg4 47. Rd3 Ke6 48. Rh3 Be5 49. Re3 Re4 50. Nf8+ Kf7 51.
Rxe4 fxe4 52. Nd7 Bf4 53. Nc5 Bxg5 54. h7 Bf6 55. Nxb7 Kg7 56. Nc5 Kxh7 57.
Nxa6 {Black managed to cope with the h-pawn, but at the cost of losing the
queenside. The connected pawns decide.} Kg7 58. Ke3 Kf7 59. Kxe4 Ke6 60. Nc7+
Kd7 61. Nd5 Bd8 62. a4 Kd6 63. a5 Kc6 64. a6 1-0

[Event "Bundesliga 9900"]
[Site "Germany"]
[Date "2000.04.08"]
[Round "14.6"]
[White "Georgiev, Vladimir"]
[Black "Dinstuhl, Volkmar"]
[Result "1-0"]
[WhiteElo "2519"]
[BlackElo "2404"]
[Annotator "Kostakiev,D"]
[PlyCount "73"]
[EventDate "1999.10.09"]
[EventType "team-tourn"]
[EventRounds "15"]
[EventCountry "GER"]
[SourceTitle "CBM 076"]
[Source "ChessBase"]
[SourceDate "2000.05.31"]
[SourceVersion "1"]
[SourceVersionDate "2000.05.31"]
[SourceQuality "1"]
[WhiteTeam "Magdeburg"]
[BlackTeam "Castrop Rauxel"]
[WhiteTeamCountry "GER"]
[BlackTeamCountry "GER"]

{A memorable instructive game. After studing it, anyone should understand when
the modest isolated Pc6 is good and when - not - against the fabouleuse
isolated Pd4. Since the match Labourdonnais - McDonnel (game 23) London1834,
we know when Pc6 is good. Here we'll see the back side of the coin. More
details in the short run of the game.} 1. d4 Nf6 2. c4 e6 3. Nc3 Bb4 4. e3 O-O
5. Bd3 c5 6. Nge2 d5 7. cxd5 cxd4 8. exd4 Qxd5 {Up to move 14 you might see 
(or not) brief opening referances:} (8... Nxd5 $142 $5 9. O-O Nc6 10. Qc2 Nf6 (
10... h6 11. a3 Be7 {Vyzmanavin,A-Dolmatov,S Irkutsk 1986; (18)} (11... Bd6 $5)
) 11. a3 {Speelman,J-Salov,S Linares 1992; 10.Bc2!?/ (13)}) 9. O-O Qh5 10. Ne4
Nxe4 11. Bxe4 Bd6 (11... Nc6 12. Qd3 Bd6 {Gurevich,M-Benjamin,Joe/Moscow/1987/
1-0 (41)}) 12. Bf4 Bxf4 13. Nxf4 Qxd1 14. Rfxd1 Nc6 $2 $146 {Very instructive
mistake!} ({In order to escape the following powerful positional move, more
experinced chessplayers prefere:} 14... Nd7 $142 $1 15. Rac1 Nf6 16. Bf3 Rd8
17. h4 {'+/=' 'Lempert,I-Arkhipov,S/Naberezhnye Chelny/1993/0|1/44/'} (17. Rc7
{Ftacnik} Ne8 (17... Rb8 {Chekhov /\Ne8/}) 18. Rc5 Rb8 $13) 17... Rb8 18. g4
Bd7 19. g5 $14 {0-1 Lempert,I-Arkhipov,S/Nabereznye Chelny 1993/CBM 37/
[Ftacnik] (44)} (19. Rc7 {Ftacnik} Ba4 (19... Ne8 $1 {Chekhov} 20. Rxb7 Rxb7
21. Bxb7 Rb8 22. Bf3 Rxb2 $17) 20. b3 Rd7 21. Rxd7 Bxd7)) 15. Bxc6 $3 {An
important typical middlegame's technic concerning 2 standart topics: 1)
"isolated Pd4", 2) "Strong N against bad B". The change 15.Bf3xNc6!! creates a
fatal week point - c5! Put there - Nc5 will be decisively stronger than Bc8. 
The Mc Donel's nice idea, mentoned in the introduction forwords, was properly
used (among the other ) by Capablanca himself in the Wch game (10) Lasker -
Capablanca 1921. It proved that realy Pc6 is very good stoper in the fight
against isolated Pd4. Then on c6 was proposed to be changed Bc8. Here an
impressive differance is to be underline: Nc6 is taken by the Bf1. Bc8 has no
time to be developped on a6. So he stays much time arested among his own PPs
c6 and e6...} bxc6 16. Rac1 {Now look and study how the newest bulgarian
grandmaster shall attack the week pawns a7 and c6!} Rb8 17. b3 Bd7 18. f3 Rfd8
19. Kf2 Rb4 20. Ke3 Be8 21. Rc5 (21. Rc4) 21... Rb5 (21... g6 22. h4 h6 23. Ra5
Rb7 24. Rc1 h5 25. g3 Bd7 26. Nd3 f6) 22. Rdc1 {gm.Vladko Georgiev's endgame
technic shown here is highly instructive.} Rdb8 23. Nd3 f6 24. Rxb5 Rxb5 (24...
cxb5 25. Rc7 a5 26. Nc5 $16) 25. Rc4 Kf7 26. Ra4 a5 27. Kd2 Ke7 28. Kc3 Bf7 29.
Rc4 Kd6 30. f4 Bg6 31. Nc5 Bh5 32. a4 Rb8 33. Ne4+ Kc7 34. Rc5 Bg6 35. Nd2 Ra8
36. g3 h5 37. Nc4 {Remember that position! It is just for those handbooks on
the theme "How to exploit Q's side week pawns a7 and c6". Let us finalized by
a very usefull conclusion: DON'T PUT ISOLATED P ON C6 against isolated Pd4, IF
YOU HAD NOT BF8 OR A N, which could savegard the square c5!} 1-0

[Event "Olympiad-39"]
[Site "Khanty-Mansiysk"]
[Date "2010.09.22"]
[Round "2.1"]
[White "Sokolov, Ivan"]
[Black "Adams, Michael"]
[Result "1-0"]
[WhiteElo "2641"]
[BlackElo "2728"]
[Annotator "Krasenkow,M"]
[PlyCount "113"]
[EventDate "2010.09.21"]
[EventType "team-swiss"]
[EventRounds "11"]
[EventCountry "RUS"]
[SourceTitle "CBM 139"]
[Source "ChessBase"]
[SourceDate "2010.11.18"]
[SourceVersion "1"]
[SourceVersionDate "2010.11.18"]
[SourceQuality "1"]
[WhiteTeam "Bosnia&Herzegovina"]
[BlackTeam "England"]
[WhiteTeamCountry "BIH"]
[BlackTeamCountry "ENG"]

1. d4 Nf6 2. c4 e6 3. Nc3 Bb4 4. e3 O-O 5. Bd3 d5 6. cxd5 exd5 7. Nge2 Re8 8.
Bd2 Bf8 {This move is rare and looks illogical; however, Black plans ...b7-b6
and ...c7-c5, and in that case the bishop will stay on f8 quite decently as it
will not disturb Black's other pieces.} (8... Bd6 {is the main line.}) 9. Rc1 (
9. O-O b6 (9... a6 10. Rc1 Nbd7 11. Nf4 c6 12. f3 b5 13. Qe1 Bb7 14. Nce2 c5
15. Bb1 Bd6 16. Qf2 Rc8 17. g4 Nf8 18. Ng3 $13 {1-0 Aleksandrov,A (2679)-Lahno,
K (2493)/Moscow 2004/EXT 2005 (55)}) 10. Rc1 c5 11. dxc5 (11. Nf4 $1 {- game})
11... bxc5 $13 12. Qa4 $6 (12. Nf4) 12... Nbd7 13. Rfd1 $2 a6 $2 (13... c4 $1
$17 {[%cal Yd7c5]}) 14. Nf4 Ne5 15. Bb5 Re7 $13 {1-0 Aleksandrov,A (2650)
-Georgiev,K (2650)/Budva 2002/EXT 2003 (51)}) (9. Qc2 b6 (9... c5 10. dxc5 Bxc5
11. Nb5 Na6 12. O-O Bg4 13. Ned4 Bh5 14. Rfc1 Ne4 15. Be1 Bg6 16. Qd1 Bb6 17.
a4 Qe7 18. a5 Bc5 19. Bf1 $14 {1-0 Bischoff,K (2561)-Wegener,O (2404)/
Hoeckendorf 2004/CBM 100 (29)}) 10. O-O (10. a3 c5 11. dxc5 bxc5 12. O-O Nc6
13. Rfd1 Ne5 14. Bb5 Bd7 15. Bxd7 Qxd7 16. Be1 Qb7 17. Nf4 Rad8 $13 {1-0
Chiburdanidze,M (2540)-Bojkovic,N (2405)/Belgrade 1996/EXT 1997 (38)}) 10...
Bb7 (10... c5 11. dxc5 bxc5 12. Nf4 Nc6 13. Bb5 Bb7 14. Na4 Rc8 15. Rfd1 a6 16.
Bf1 Ne5 $13 {1/2 Kacheishvili,G (2505)-Dizdar,G (2550)/Pula 1997/EXT 2000 (37)}
) 11. Rad1 a6 12. a3 c5 13. dxc5 bxc5 14. Na4 Nbd7 15. Bc3 Bd6 $2 (15... c4 16.
Bf5 Rb8 $13) (15... g6 $13) 16. Bxf6 Qxf6 17. Bxh7+ Kh8 18. Bf5 $16 {1-0 Vera
R (2549)-Bruzon L (2613)/Cuba (ch) 2003 2003/[Vera,R ] (53)}) 9... b6 10. Nf4
c5 11. O-O Ba6 {The exchange of this bishop weakens the light squares.} (11...
Nc6 $5 {e.g.} 12. Nh5 $1 Ne4 13. Nxe4 (13. dxc5 Ne5 $1 {[%cal Rc8g4]} 14. Be2
bxc5 15. Nxe4 dxe4 16. Bc3 Nd3 $132) (13. Bb5 Bb7 14. dxc5 bxc5 15. Nxe4 Rxe4)
13... dxe4 14. Bb5 (14. Bc4 Be6 15. Bxe6 Rxe6 16. dxc5 bxc5 {[%csl Rd3]}) 14...
Bb7 15. dxc5 Re5 $1 16. Nf4 Rxc5 $11) 12. Bxa6 Nxa6 13. Qf3 cxd4 (13... Nc7 14.
dxc5 bxc5 15. Rfd1 Bd6 16. Be1 $14) 14. Ncxd5 $6 (14. exd4 $14 {[%csl Rc6,Rd5]
/=}) 14... Ne4 15. Rcd1 Nc7 $6 (15... g5 $1 {was quite possible; Black wins a
piece and then gives it back at an appropriate moment, e.g.} 16. Bc3 $5 (16.
Qg4 Bg7) (16. Nh5 Qxd5 17. Bc3 Nac5 18. Rxd4 Qe6 19. Rxe4 Nxe4 20. Qxe4 Qxe4
21. Nf6+ Kg7 22. Nxe4+ Kg6 $17) 16... dxc3 17. Nh5 $1 (17. Nxc3 Nd2 $1 18. Qg4
(18. Qe2 gxf4 19. Rxd2 f3 $1 20. gxf3 Qc8) 18... Bg7 19. Nh3 Nc5 20. Nb1 Nxf1
21. Rxd8 Raxd8 22. Kxf1 h6 $17) 17... Bg7 18. Ndf6+ Bxf6 19. Rxd8 Bxd8 20. Ng3
Nac5 21. b4 Rb8 22. bxc5 Nd2 23. Qf5 Nxf1 24. Kxf1 Re6 $15) 16. Nxc7 Qxc7 17.
exd4 Qc4 (17... Bd6 $5 18. Be3) 18. Qb3 Qxb3 19. axb3 $14 {White has a damaged
pawn structure but a pawn is a pawn! Despite tremendous technical difficulties,
GM Ivan Sokolov eventually converts his material advantage.} Nxd2 {It is hard
to say whether it was better to refrain from this exchange. Say, after} (19...
Bd6 20. Nd5 Rad8 21. Nc3 {I don't see anything better than} Nxd2) 20. Rxd2 Bb4
21. Rd3 Rad8 22. g3 Kf8 (22... g5 23. Nh5 Re2 $6 24. Rc1 Rxb2 $6 25. Rc7 $40) (
22... Bd6 23. Ng2 Re2 24. Rb1 Be5 $6 25. Re3 $1 Rxe3 26. fxe3) (22... Re4 23.
Rfd1) 23. h4 (23. Rc1 $142) 23... Bd6 24. Ng2 b5 $2 {Here} (24... Re2 $1 {
was quite possible:} 25. Rb1 (25. Ne3 Rxb2 26. Ra1 Bb8 $11) 25... Be5 26. Re3
$2 {is now poor due to} Rxe3 27. fxe3 Bxg3) {After the text move White fully
consolidates his position and gradually wins.} 25. Ne3 Bc5 26. Rfd1 Bb6 27. Kg2
h5 28. Kf3 Rd6 29. Ng2 Red8 30. d5 g6 31. Nf4 Ke7 32. Rc1 Kf6 33. Rc2 R8d7 34.
b4 Kf5 35. Rc5 $1 f6 36. Rxb5 a6 37. Rc5 g5 38. Ng2 a5 39. Ne3+ Kg6 40. Rxa5
g4+ 41. Ke2 Bxa5 42. bxa5 Rb7 43. Nc4 Rd8 44. d6 Rb5 45. Kd1 Kf5 46. Kc2 Ke6
47. Re3+ Kd5 48. b3 Kc6 49. Kb2 Rf5 50. Re2 Rb8 51. Rc2 Rc5 52. Ka3 Kb5 53. Rd2
Rd8 54. d7 Kc6 55. Kb4 Rb5+ 56. Ka4 Kc5 57. Rd5+ 1-0